00958nam a2200241 a 450000100060000000300080000600500170001400800390003103500190007004000320008904100080012108200280012910000170015724501920017426000810036630000290044750000170047650400410049365000600053465000630059465000280065770000310068527855BD-RjUL20211209051217.0830301s1979 dcu b i000 0 eng a(BD-RjUL)27935 aDLCcDLCdDLCdBD-RjULbeng aeng00a382.73094221bVEE 19801 aVerreydt, E,10aEuropean community protection against manufactured imports from developing countries : ba case study in the political economy of protection / cprepared by E. Verreydt and J. Waelbroeck. aWashington, D.C. (1818 H St., N.W., Washington 20433) :bWorld Bank,cc1980. a25 p. :bIll.;c28 cm. aCover title. aIncludes bibliographical references. 0a Protectionism zEuropean Economic Community countries. 0aEuropean Economic Community countries vCommercial policy. 0aGross national product. aWaelbroeck , J. Jt. auth.